Music Quiz

Random Music or Clickable Quiz

1980s Lyric Match IV Quiz Stats

Quiz Updated Oct 24, 2015

Challenge
Share
Tweet
Embed
Score 0/24 Timer 07:00
1 Play Today
% Correct
Billie Jean
95.6%
Wanted Dead or Alive
87.4%
Wake Me Up Before You Go-Go
86.4%
Jessie's Girl
84.7%
867-5309|Jenny
82.3%
Free Fallin'
81.7%
Born in the U.S.A.
78.4%
Don't You Want Me
76.9%
Hit Me With Your Best Shot
76.3%
Love Shack
75.9%
Don't You Forget About Me
74%
The One I Love
73.2%
% Correct
In the Air Tonight
72.8%
Little Red Corvette
71.5%
You Shook Me All Night Long
70.9%
The Boys of Summer
70.8%
Video Killed the Radio Star
69%
Walk This Way
66.3%
I Guess That's Why They Call it the Blues
62.8%
Our Lips Are Sealed
61.9%
Sister Christian
59.5%
I Melt With You
55.6%
The Warrior
54.4%
You Got It (The Right Stuff)
47.5%

You're not logged in!

Compare scores with friends on all Sporcle quizzes.
Join for Free
OR
Log In

You Might Also Like...

Show Comments

Extras

Top Quizzes Today


Score Distribution

Your Account Isn't Verified!

In order to create a playlist on Sporcle, you need to verify the email address you used during registration. Go to your Sporcle Settings to finish the process.

Report this User

Report this user for behavior that violates our Community Guidelines.

Details: